Toros en Vallecas (Record no. 154266)

MARC details
000 -LEADER
campo de control de longitud fija 00784nam a2200193 i 4500
001 - NÚMERO DE CONTROL
campo de control 154266
003 - IDENTIFICADOR DE NÚMERO DE CONTROL
campo de control ES-MaACL
005 - FECHA Y HORA DE LA ÚLTIMA TRANSACCIÓN
campo de control 20230906205606.0
008 - DATOS DE LONGITUD FIJA--INFORMACIÓN GENERAL
campo de control de longitud fija 940202s1886 sp |||| | spa d
040 ## - FUENTE DE CATALOGACIÓN
Centro catalogador/agencia de origen CAM
Lengua de catalogación spa
100 1# - ENTRADA PRINCIPAL--NOMBRE DE PERSONA
Nombre de persona Gascón, Santiago.
9 (RLIN) 55856
245 10 - MENCIÓN DEL TÍTULO
Título Toros en Vallecas
Resto del título : apropósito cómico lírico-taurino en un acto y dos cuadros /
Mención de responsabilidad, etc. original de Santiago Gascón y Julián García Parra ; música del maestro Hernández.
260 ## - PUBLICACIÓN, DISTRIBUCIÓN, ETC.
Lugar de publicación, distribución, etc. Madrid :
Nombre del editor, distribuidor, etc. Administración Lírico-Dramática,
Fecha de publicación, distribución, etc. 1886.
300 ## - DESCRIPCIÓN FÍSICA
Extensión 24 p. ;
Dimensiones 20 cm.
500 ## - NOTA GENERAL
Nota general Solo la letra.
700 1# - ENTRADA AGREGADA--NOMBRE PERSONAL
Nombre de persona García Parra, Julián.
9 (RLIN) 55079
700 11 - ENTRADA AGREGADA--NOMBRE PERSONAL
Nombre de persona Hernandez, Isidro
Títulos y otros términos asociados al nombre , mús.
9 (RLIN) 127889
852 ## - LOCALIZACIÓN
Ubicación ES-MaACL
Número de control de estantería D-2525(5)
Nota libre - Enc. hol., conservando la enc. editorial
-- . - Legado de M. de la Fuente
Holdings
Estatus retirado Estado de pérdida Estado de daño No para préstamo Colección Biblioteca de origen Biblioteca actual Ubicación en estantería Fecha de adquisición Fuente de adquisición Total de préstamos Signatura topográfica completa Código de barras Visto por última vez Precio de reemplazo Tipo de ítem Koha
        Libros del s. XIX Biblioteca del Ateneo de Madrid Biblioteca del Ateneo de Madrid Sala Valle Inclán 17/01/2008     D-2525(5) 901161313 23/02/2023 23/02/2023 Libro impreso antiguo